Geography Quiz #5 - Statistics

General Stats
  • This quiz has been taken 21 times
  • The average score is 8 of 16
Answer Stats
Picture Answer % Correct
Greenland
94%
Gulf of Mexico
83%
Indonesia
78%
The Pentagon
78%
Bay of Bengal
56%
Lake Baikal
50%
North Island
50%
Strait of Gibraltar
50%
Costa Rica
44%
Croatia
44%
London
44%
Kuwait
39%
Caucasus
22%
Hong Kong
17%
Ganges Delta
11%
Puget Sound
11%
No matching quizzes found
Score Distribution
Percent of People with Each Score
Percentile by Number Answered
Your Score History
You have not taken this quiz